<?xml version="1.0" encoding="UTF-8"?>
<collection xmlns="http://www.loc.gov/MARC21/slim">
<record>
  <controlfield tag="001">171701</controlfield>
  <controlfield tag="005">20260601112334.0</controlfield>
  <datafield tag="037" ind1=" " ind2=" ">
    <subfield code="a">TESIS-2026-072</subfield>
  </datafield>
  <datafield tag="041" ind1=" " ind2=" ">
    <subfield code="a">spa</subfield>
  </datafield>
  <datafield tag="100" ind1="1" ind2=" ">
    <subfield code="a">Zugasti López, Inés</subfield>
  </datafield>
  <datafield tag="245" ind1="0" ind2="0">
    <subfield code="a">Efectos productivos y ambientales de la diversificación e intensificación en agrosistemas de regadío del Valle del Ebro </subfield>
  </datafield>
  <datafield tag="260" ind1=" " ind2=" ">
    <subfield code="a">Zaragoza</subfield>
    <subfield code="b">Universidad de Zaragoza, Prensas de la Universidad</subfield>
    <subfield code="c">2026</subfield>
  </datafield>
  <datafield tag="300" ind1=" " ind2=" ">
    <subfield code="a">226</subfield>
  </datafield>
  <datafield tag="490" ind1="0" ind2=" ">
    <subfield code="a">Tesis de la Universidad de Zaragoza</subfield>
    <subfield code="x">2254-7606</subfield>
    <subfield code="v">2026-72</subfield>
  </datafield>
  <datafield tag="500" ind1=" " ind2=" ">
    <subfield code="a">Presentado:  27 01 2026</subfield>
  </datafield>
  <datafield tag="502" ind1=" " ind2=" ">
    <subfield code="a">Tesis-Univ. Zaragoza,  , 2026</subfield>
    <subfield code="b">Zaragoza, Universidad de Zaragoza</subfield>
    <subfield code="c">2026</subfield>
  </datafield>
  <datafield tag="520" ind1=" " ind2=" ">
    <subfield code="a">A nivel global, los sistema agroalimentarios se enfrentan al desafío de alimentar a una población creciente mientras reducen su impacto ambiental. En el Valle Medio del Ebro la producción de maíz en regadío requiere de estrategias que equilibren la maximización de la producción y la optimización de los recursos, para reducir su impacto ambiental. En este marco, la práctica de la diversificación de cultivos resulta de especial interés por su refuerzo de las relaciones ecológicas y la resiliencia de los agrosistemas.&lt;br />El primer objetivo es evaluar sistemas de diversificación del cultivo de maíz en regadío en términos productivos (grano y proteína), requerimientos y eficiencia de uso del agua y del nitrógeno, y ambientales (emisiones de gases de efecto invernadero (GEI) y lixiviación de nitrato). La diversificación se realizó mediante la sustitución del periodo de barbecho invernal por cultivos, no productivos (cultivos cubierta) y productivos (doble cultivo), lo que además supone la intensificación del sistema. Los sistemas alternativos al sistema tradicional de barbecho-maíz evaluados fueron: un sistema con cultivo cubierta de leguminosa seguido de maíz de ciclo largo (cultivo cubierta-maíz) y dos sistemas de doble cultivo donde se introdujo cebada (cebada-maíz) y guisante (guisante-maíz) durante el período invernal seguidos de maíz de ciclo corto. El segundo objetivo es explorar la introducción de cubiertas leguminosas mediante no laboreo y dosis de siembra reducidas que faciliten su adopción por los agricultores. Para alcanzar los objetivos se realizaron tres ensayos de campo: “Ensayo diversificación”, “Ensayo lisímetros” y “Ensayo cubiertas”, con una duración de tres o cuatro años durante el periodo 2018-2022. Frente al sistema barbecho-maíz, la introducción de un cultivo cubierta leguminoso no afectó a la producción del sistema, mantuvo la eficiencia del uso del agua (EUA) e incrementó la eficiencia de uso del nitrógeno (EUN) en un 20%, al permitir reducir la dosis aplicada. Este sistema cultivo cubierta-maíz no redujo el conjunto de emisiones directas e indirectas GEI ni el lixiviado de nitrato. Sin embargo, resulta viable su implementación mediante no laboreo y dosis de siembra reducidas. Los sistemas de doble cultivo aumentaron el rendimiento en grano un 39% con cebada y un 16% con guisante y la producción de proteína en un 66% (guisante) y 61% (cebada). Estos sistemas incrementaron las necesidades de riego (+12%) pero aumentaron la EUA, especialmente el sistema cebada-maíz (+32%). En el sistema cebada-maíz el mayor requerimiento de fertilizante nitrogenado no afectó a la EUN, pero aumentó las emisiones directas e indirectas de GEI. Sin embargo, fue el único sistema donde se observó una importante&lt;br />reducción del lavado de nitratos (-70%). El sistema guisante-maíz produjo unas emisiones de GEI y un lavado de nitrato similares a los observados en el sistema barbecho-maíz.&lt;br />Esta tesis ha demostrado que la diversificación y/o intensificación del sistema tradicional de cultivo del maíz en condiciones de regadío del Valle del Ebro puede aumentar la producción de grano y proteína y la eficiencia en el uso del agua y del nitrógeno, aunque en algunos casos puede aumentar sus efectos negativos sobre el medioambiente&lt;br /></subfield>
  </datafield>
  <datafield tag="506" ind1=" " ind2=" ">
    <subfield code="a">by-nc</subfield>
    <subfield code="b">Creative Commons</subfield>
    <subfield code="c">3.0</subfield>
    <subfield code="u">http://creativecommons.org/licenses/by-nc/3.0/es</subfield>
  </datafield>
  <datafield tag="520" ind1=" " ind2=" ">
    <subfield code="a">&lt;br /></subfield>
  </datafield>
  <datafield tag="521" ind1=" " ind2=" ">
    <subfield code="9">7096</subfield>
    <subfield code="a">Programa de Doctorado en Ciencias Agrarias y del Medio Natural</subfield>
  </datafield>
  <datafield tag="653" ind1="1" ind2=" ">
    <subfield code="a">diversificación de cultivos</subfield>
  </datafield>
  <datafield tag="653" ind1="1" ind2=" ">
    <subfield code="a">maíz en regadío</subfield>
  </datafield>
  <datafield tag="653" ind1="1" ind2=" ">
    <subfield code="a">cultivos cubierta y doble cultivo</subfield>
  </datafield>
  <datafield tag="653" ind1="1" ind2=" ">
    <subfield code="a">eficiencia de agua y nitrógeno</subfield>
  </datafield>
  <datafield tag="653" ind1="1" ind2=" ">
    <subfield code="a">gases de efecto invernadero y lixiviación</subfield>
  </datafield>
  <datafield tag="700" ind1=" " ind2=" ">
    <subfield code="a">Isla Climente, Ramón</subfield>
    <subfield code="e">dir.</subfield>
  </datafield>
  <datafield tag="700" ind1=" " ind2=" ">
    <subfield code="a">Cavero Campo, José </subfield>
    <subfield code="e">dir.</subfield>
  </datafield>
  <datafield tag="710" ind1="2" ind2=" ">
    <subfield code="a">Universidad de Zaragoza</subfield>
    <subfield code="b"> </subfield>
  </datafield>
  <datafield tag="830" ind1=" " ind2=" ">
    <subfield code="9">508</subfield>
  </datafield>
  <datafield tag="856" ind1="0" ind2=" ">
    <subfield code="f">cdeurop@unizar.es</subfield>
  </datafield>
  <datafield tag="856" ind1="4" ind2=" ">
    <subfield code="u">http://zaguan.unizar.es/record/171701/files/TESIS-2026-072.pdf</subfield>
    <subfield code="z">info:eu-repo/date/embargoEnd/2028-01-27</subfield>
    <subfield code="s">3399205</subfield>
  </datafield>
  <datafield tag="909" ind1="C" ind2="O">
    <subfield code="o">oai:zaguan.unizar.es:171701</subfield>
    <subfield code="p">driver</subfield>
    <subfield code="p">tesis</subfield>
  </datafield>
  <datafield tag="910" ind1="2" ind2=" ">
    <subfield code="a">Ingeniería y Arquitectura</subfield>
    <subfield code="b"> </subfield>
  </datafield>
  <datafield tag="691" ind1=" " ind2=" ">
    <subfield code="a">2 13</subfield>
  </datafield>
  <datafield tag="692" ind1=" " ind2=" ">
    <subfield code="a">Poner fin al hambre, conseguir la seguridad alimentaria y una mejor nutrición, y promover la agricultura sostenible.	 Tomar medidas urgentes para combatir el cambio climático y sus efectos.</subfield>
  </datafield>
  <datafield tag="540" ind1=" " ind2=" ">
    <subfield code="9">info:eu-repo/semantics/embargoedAccess</subfield>
  </datafield>
  <datafield tag="980" ind1=" " ind2=" ">
    <subfield code="a">TESIS</subfield>
  </datafield>
</record>
</collection>